00000000cam 2200000zi 4500
0019.958262
003CaOODSP
00520251212153319
006m     o  d f      
007cr |n|||||||||
008251212s1930    nscd    o    f|0| 0 eng d
040 |aCaOODSP|beng|erda|cCaOODSP
043 |an-cn---
0861 |aFs52-5/42-1930E-PDF
1001 |aPanton, J. R., |eauthor.
24510|aTryptic hydrolysis of fresh and frozen fish muscle / |cJean R. Panton.
264 1|aHalifax : |bBiological Board of Canada, |c1930.
300 |a1 online resource (5, [1] pages) : |bcharts.
336 |atext|btxt|2rdacontent
337 |acomputer|bc|2rdamedia
338 |aonline resource|bcr|2rdacarrier
4901 |aManuscript reports of the experimental stations ; |vno. 42
500 |aDigitized edition from print [produced by Department of Fisheries and Oceans].
650 0|aFishery products|xMicrobiology.
650 0|aHydrolysis.
650 6|aProduits de la pêche|xMicrobiologie.
650 6|aHydrolyse.
7102 |aBiological Board of Canada, |eissuing body.
830#0|aManuscript reports of the experimental stations ;|vno. 42.|w(CaOODSP)9.948621
85640|qPDF|s3.36 MB|uhttps://publications.gc.ca/collections/collection_2025/mpo-dfo/fs52-5/Fs52-5-42-1930-eng.pdf